|
|
|
|
| LEADER |
00000cam a22000004a 4500 |
| 001 |
musev2_80977 |
| 003 |
MdBmJHUP |
| 005 |
20230905052322.0 |
| 006 |
m o d |
| 007 |
cr||||||||nn|n |
| 008 |
140702s2014 xxu o 00 0 eng d |
| 020 |
|
|
|a 9781575068879
|
| 035 |
|
|
|a (OCoLC)884593816
|
| 040 |
|
|
|a MdBmJHUP
|c MdBmJHUP
|
| 245 |
0 |
4 |
|a An Eye for Form" :
|b Epigraphic Essays in Honor of Frank Moore Cross /
|c ed. by Jo Ann Hackett and Walter E. Aufrecht.
|
| 264 |
|
1 |
|a Winona Lake :
|b Eisenbrauns,
|c 2014.
|
| 264 |
|
3 |
|a Baltimore, Md. :
|b Project MUSE,
|c 2021
|
| 264 |
|
4 |
|c ©2014.
|
| 300 |
|
|
|a 1 online resource (424 pages):
|b Illustrationen
|
| 336 |
|
|
|a text
|b txt
|2 rdacontent
|
| 337 |
|
|
|a computer
|b c
|2 rdamedia
|
| 338 |
|
|
|a online resource
|b cr
|2 rdacarrier
|
| 588 |
|
|
|a Description based on print version record.
|
| 650 |
|
7 |
|a Inschrift
|2 gnd
|
| 650 |
|
7 |
|a Semitistik
|2 gnd
|
| 650 |
|
7 |
|a Epigraphik
|2 gnd
|
| 650 |
|
7 |
|a Inscriptions, Semitic.
|2 fast
|0 (OCoLC)fst00973955
|
| 650 |
|
7 |
|a Inscriptions, Ancient.
|2 fast
|0 (OCoLC)fst00973846
|
| 650 |
|
0 |
|a Inscriptions, Ancient.
|
| 650 |
|
0 |
|a Inscriptions, Semitic.
|
| 600 |
1 |
7 |
|a Cross, Frank Moore
|d 1921-2012
|2 gnd
|
| 651 |
|
7 |
|a Alter Orient
|2 gnd
|
| 655 |
|
4 |
|a Aufsatzsammlung.
|
| 655 |
|
4 |
|a Bibliographie.
|
| 655 |
|
7 |
|a Electronic books.
|2 local
|
| 700 |
1 |
|
|a Hackett, Jo Ann.
|0 (DE-588)1016980159
|
| 700 |
1 |
|
|a Cross, Frank Moore
|d 1921-2012
|4 hnr
|
| 700 |
1 |
|
|a Aufrecht, Walter Emanuel
|d 1942-
|
| 710 |
2 |
|
|a Project Muse.
|e distributor
|
| 830 |
|
0 |
|a Book collections on Project MUSE.
|
| 856 |
4 |
0 |
|z Texto completo
|u https://projectmuse.uam.elogim.com/book/80977/
|
| 945 |
|
|
|a Project MUSE - Custom Collection
|